| 000 | 00834nac a22002291u 4500 | ||
|---|---|---|---|
| 010 | _a 2006044555 | ||
| 020 | _a9780273693512 | ||
| 020 | _a0273693514 | ||
| 082 | 0 | 0 |
_a330 _bDAW |
| 090 |
_c6681 _d6681 |
||
| 100 | _aDawson, Graham [ed.] | ||
| 245 | 0 | 0 |
_aEconomics and economic change / _cedited by Graham Dawson ... [et al.]. |
| 250 | _a2nd ed. | ||
| 260 |
_aHarlow, England ; _aNew York : _bPrentice Hall Financial Times ; _aMilton Keynes [England] : _bOpen University,c2006. _cc2006. |
||
| 300 |
_axxv, 578, lx p. : _bill. ; _c25 cm. + _e1 CD-ROM (4 3/4 in.) |
||
| 500 | _aDistributer: Al-Ahram. | ||
| 504 | _aIncludes bibliographical references and index. | ||
| 511 | _aCatalogued By: Mahitab. | ||
| 650 | 0 |
_aEconomics _vTextbooks. |
|
| 710 | 2 | _aOpen University. | |
| 942 |
_cBB _k330DAW |
||
| 999 |
_c6681 _d6681 |
||